Online
Catalog

Tratados de legislación civil y penal / (Record no. 21609)

MARC details
000 -CABECERA
campo de control de longitud fija 00920nam a2200253 a 4500
001 - NÚMERO DE CONTROL
campo de control 000022111
005 - FECHA Y HORA DE LA ÚLTIMA TRANSACCIÓN
campo de control 20240411201133.0
008 - DATOS DE LONGITUD FIJA--INFORMACIÓN GENERAL
campo de control de longitud fija 100916s1981 sp r 000 0 spa d
020 ## - NÚMERO INTERNACIONAL ESTÁNDAR DEL LIBRO
Número Internacional Estándar del Libro 8427605536
040 ## - FUENTE DE LA CATALOGACIÓN
Centro catalogador/agencia de origen DO-SdBNP
Lengua de catalogación spa
Centro/agencia transcriptor BNPHU
082 ## - NÚMERO DE LA CLASIFICACIÓN DECIMAL DEWEY
Número de clasificación 346
Número de documento/Ítem B476t
049 ## - FONDOS LOCALES (OCLC)
Fondos de biblioteca BNGR
100 1# - ENTRADA PRINCIPAL--NOMBRE DE PERSONA
Nombre de persona Bentham, jeremias,
Fechas asociadas al nombre 1748-1832
9 (RLIN) 45806
245 10 - MENCIÓN DE TÍTULO
Título Tratados de legislación civil y penal /
Mención de responsabilidad, etc. Jeremias Bentham ; Edición Magdalena Rodríguez Gil.
260 ## - PUBLICACIÓN, DISTRIBUCIÓN, ETC.
Lugar de publicación, distribución, etc. Madrid :
Nombre del editor, distribuidor, etc. Editora Nacional,
Fecha de publicación, distribución, etc. 1981.
300 ## - DESCRIPCIÓN FÍSICA
Extensión 638 p. ;
Dimensiones 21 cm.
490 1# - MENCIÓN DE SERIE
Mención de serie Clásicos para una biblioteca contemporánea ;
Designación de volumen o secuencia 9
504 ## - NOTA DE BIBLIOGRAFÍA, ETC.
Nota de bibliografía, etc. Incluye referencias bibliográficas y notas al pie de las páginas.
650 #4 - PUNTO DE ACCESO ADICIONAL DE MATERIA--TÉRMINO DE MATERIA
Término de materia o nombre geográfico como elemento de entrada Derecho civil
9 (RLIN) 3574
650 #0 - PUNTO DE ACCESO ADICIONAL DE MATERIA--TÉRMINO DE MATERIA
Término de materia o nombre geográfico como elemento de entrada Derecho penal
9 (RLIN) 17405
650 #4 - PUNTO DE ACCESO ADICIONAL DE MATERIA--TÉRMINO DE MATERIA
Término de materia o nombre geográfico como elemento de entrada Interpretacion del derecho
9 (RLIN) 9302
700 1# - PUNTO DE ACCESO ADICIONAL--NOMBRE DE PERSONA
Nombre de persona Rodríguez Gil, Magdalena,
Término indicativo de función/relación ed.
9 (RLIN) 45807
830 #0 - PUNTO DE ACCESO ADICIONAL DE SERIE-TÍTULO UNIFORME
Título uniforme Clásicos para una biblioteca contemporánea ;
Número de parte o sección de la obra 9
9 (RLIN) 45808
Holdings
Estado de retiro Estado de pérdida Restricciones de uso No para préstamo Código de colección Localización permanente Ubicación/localización actual Ubicación en estantería Fecha de adquisición Número de inventario Total de préstamos Signatura topográfica completa Código de barras Fecha visto por última vez Precio válido a partir de Tipo de ítem Koha
        Monografías: Libros y Folletos General General En catalogación 16.09.2010 LF1   346 B476t 22111-10 25.06.2020 25.06.2020 Préstamo en sala

Powered by Koha